40 Irish Band Members: Name the Band by Its Member - Statistics

General Stats
  • This quiz has been taken 39 times
  • The average score is 12 of 40
Answer Stats
Hint Answer % Correct
4 Bono U2
95%
1 Dolores O'Riordan The Cranberries
86%
12 The Edge U2
86%
8 Niall Horan One Direction
65%
26 Adam Clayton U2
62%
11 Bob Geldof The Boomtown Rats
59%
6 Shane MacGowan The Pogues
59%
7 Andrea Corr The Corrs
57%
25 Sharon Corr The Corrs
57%
37 Larry Mullen Jr U2
57%
15 Phil Lynott Thin Lizzy
49%
10 Ronan Keating Boyzone
46%
34 Caroline Corr The Corrs
43%
20 Stephen Gately Boyzone
32%
31 Shane Lynch Boyzone
30%
33 Brian McFadden Westlife
30%
29 Keith Duffy Boyzone
27%
14 Kian Egan Westlife
27%
21 Nadine Coyle Girls Aloud
24%
39 Mikey Graham Boyzone
19%
5 Keavy Lynch B*Witched
19%
3 Enya Clannad
19%
24 Gary Lightbody Snow Patrol
19%
35 Neil Hannon The Divine Comedy
16%
17 Una Healy The Saturdays
16%
2 Tim Wheeler Ash
14%
40 Danny O'Donoghue The Script
14%
18 Edward Grimes Jedward
11%
19 Sinéad O'Carroll B*Witched
8%
9 Moya Brennan Clannad
8%
13 Roisin Murphy Moloko
8%
36 Lindsay Armaou B*Witched
5%
30 Mark Hamilton Ash
3%
16 Kevin Shields My Bloody Valentine
3%
38 Kelly Kilfeather Bellefire
0%
32 Sinead Sheppard Six
0%
28 Kevin Conneff The Chieftains
0%
23 Noel Hogan The Cranberries
0%
22 Leo Moran The Saw Doctors
0%
27 Kasey Smith Wonderland
0%
No matching quizzes found
Score Distribution
Percent of People with Each Score
Percentile by Number Answered
Your Score History
You have not taken this quiz